000 01066cab a2200265 4500
001 ABS50656
008 090401t1994 xxu||||| |||| 00| 0 eng d
035 _a(Sirsi) u76928
041 _aeng
100 _aGoodchild, B.
245 _aHousing design, urban form and sustainable development: reflections on the future residential landscape
260 _c1994
350 _a0
490 _aTown Planning Review
_v65(2) April 1994, 143-157(15)
520 _aAddresses conflicting visions of future housing design and town planning in terms of their sustainability, as urged in "This common inheritance" and the TCPA`s "Planning for a sustainable environment". Explores the implications of the high-density/low-rise compact city ideal and examines the application of standards in housebuilding.
650 _aHOUSING DEVELOPMENT
650 _aLAYOUT STANDARDS
650 _aLAYOUT
650 _aRESIDENTIAL AREAS
650 _aSUSTAINABLE DEVELOPMENT
690 _aHOUSING
690 _aPLANNING LAW AND PRACTICE
942 _n0
948 _c04/03/1997
999 _c48332
_d48332